| 000 | 01681nam a2200349 i 4500 | ||
|---|---|---|---|
| 003 | EG-GICUC | ||
| 005 | 20260503143728.0 | ||
| 008 | 260503s1976 -usd|||fr|||| 000 0 ara d | ||
| 017 | _a1978/3210 | ||
| 040 |
_a EG-GICUC _bara _c EG-GICUC _d EG-GICUC _erda |
||
| 041 | 1 |
_aara _heng |
|
| 082 | 0 | 4 |
_221 _a345 _bم ن . ق |
| 092 | 0 | 4 | _221 |
| 099 | _aLaw1 07 345 م ن . ق 1978 | ||
| 110 | 1 |
_aالمنظمة العربية للعلوم الإدارية. _bمركز البحوث الإدارية. _cمصر _eمؤلف. |
|
| 245 | 1 | 0 |
_aقواعد وأساليب إدارة الخدمة المدنية في النظم الرأسمالية والإشتراكية : _bدراسة تطبيقية مقارنة / _cالمنظمة العربية للعلوم الإدارية ؛ ترجمة وعرض صلاح الدين عبدالعزيز محمد. |
| 246 | 2 | 1 | _aMangement Techniques And Rules of Civil Service In Capitalist And Socialist Systems (Comparative Study) |
| 264 | 1 |
_aنيويورك : _bالأمم المتحدة، _c1978. |
|
| 300 |
_a168 صفحة، صفحات غير مرقمة ؛ _c24 سم. |
||
| 336 |
_2rda content _atext |
||
| 337 |
_2rda media _aComputer |
||
| 338 |
_2rda carrier _aOnline Resource |
||
| 490 | 0 |
_aالفكر الإداري المعاصر ؛ _v36 |
|
| 504 | _aيشتمل على إرجاعات ببليوجرافية. | ||
| 546 | _aالنص باللغة العربية | ||
| 650 | 1 |
_aتصحيح أوضاع العاملين. _2qrmak |
|
| 651 | 1 | _2qrmak | |
| 700 | 0 |
_aصلاح الدين عبدالعزيز محمد. _eمترجم. |
|
| 856 | 4 | 0 | _uhttps://fll.law.cu.edu.eg/fulltext/bks/B07-00051.pdf |
| 905 | _a62 | ||
| 942 |
_2ddc _n0 _cBK _e21 |
||
| 999 |
_c75201 _d75201 |
||